[Event "Stay Safe Play From Home 263"]
[Site "Emanuel Lasker Arena"]
[Date "2020.06.29"]
[Round "5"]
[White "SoulofWolf"]
[Black "NeatFox"]
[Result "1-0"]
[WhiteElo "2159"]
[BlackElo "1850"]
[PlyCount "89"]
[EventDate "2020.06.29"]
[EventType "swiss (blitz)"]

1. d4 {[%emt 0:00:00]} b6 {[%emt 0:00:00]} 2. Nf3 {[%emt 0:00:00]} Bb7 {[%emt 0:00:00]} 3. g3 {[%emt 0:00:01]} g6 {[%emt 0:00:01]} 4. Bg2 {[%emt 0:00:00]} d6 {[%emt 0:00:01]} 5. O-O {[%emt 0:00:00]} Bg7 {[%emt 0:00:01]} 6. b3 {[%emt 0:00:00]} Nd7 {[%emt 0:00:01]} 7. Bb2 {[%emt 0:00:00]} c5 {[%emt 0:00:00]} 8. Nbd2 {[%emt 0:00:00]} Ngf6 {[%emt 0:00:01]} 9. Re1 {[%emt 0:00:01]} O-O {[%emt 0:00:01]} 10. e4 {[%emt 0:00:00]} Re8 {[%emt 0:00:01]} 11. c4 {[%emt 0:00:00]} cxd4 {[%emt 0:00:01]} 12. Nxd4 {[%emt 0:00:01]} Nc5 {[%emt 0:00:01]} 13. f3 {[%emt 0:00:01]} Nfd7 {[%emt 0:00:01]} 14. Qc2 {[%emt 0:00:00]} Ne6 {[%emt 0:00:02]} 15. Ne2 {[%emt 0:00:02]} Rc8 {[%emt 0:00:02]} 16. Rad1 {[%emt 0:00:01]} b5 {[%emt 0:00:01]} 17. Bxg7 {[%emt 0:00:02]} Kxg7 {[%emt 0:00:01]} 18. Qb2+ {[%emt 0:00:01]} Kg8 {[%emt 0:00:01]} 19. Rc1 {[%emt 0:00:01]} bxc4 {[%emt 0:00:01]} 20. Nxc4 {[%emt 0:00:00]} Ndc5 {[%emt 0:00:00]} 21. Red1 {[%emt 0:00:02]} Ba6 {[%emt 0:00:02]} 22. e5 {[%emt 0:00:01]} Bxc4 {[%emt 0:00:01]} 23. Rxc4 {[%emt 0:00:01]} Qb6 {[%emt 0:00:03]} 24. Kh1 {[%emt 0:00:02]} dxe5 {[%emt 0:00:01]} 25. Qxe5 {[%emt 0:00:01]} f6 {[%emt 0:00:02]} 26. Qa1 {[%emt 0:00:04]} Red8 {[%emt 0:00:01]} 27. Rdc1 {[%emt 0:00:01]} Rd2 {[%emt 0:00:01]} 28. Ng1 {[%emt 0:00:06]} Qa5 {[%emt 0:00:05]} 29. Qc3 {[%emt 0:00:02]} Qxa2 {[%emt 0:00:01]} 30. Rc2 {[%emt 0:00:06]} Rxc2 {[%emt 0:00:05]} 31. Qxc2 {[%emt 0:00:00]} Qxc2 {[%emt 0:00:00]} 32. Rxc2 {[%emt 0:00:00]} Rd8 {[%emt 0:00:02]} 33. b4 {[%emt 0:00:02]} Nd3 {[%emt 0:00:01]} 34. h3 {[%emt 0:00:01]} Ne1 {[%emt 0:00:03]} 35. Re2 {[%emt 0:00:02]} Nxg2 {[%emt 0:00:01]} 36. Kxg2 {[%emt 0:00:00]} Nd4 {[%emt 0:00:01]} 37. Rxe7 {[%emt 0:00:01]} Nc2 {[%emt 0:00:03]} 38. Re2 {[%emt 0:00:01]} Nxb4 {[%emt 0:00:01]} 39. Rb2 {[%emt 0:00:01]} a5 {[%emt 0:00:01]} 40. Ne2 {[%emt 0:00:01]} Ra8 {[%emt 0:00:01]} 41. Nf4 {[%emt 0:00:01]} g5 {[%emt 0:00:02]} 42. Ne6 {[%emt 0:00:01]} Nd3 {[%emt 0:00:01]} 43. Rd2 {[%emt 0:00:02]} Ne1+ {[%emt 0:00:01]} 44. Kf2 {[%emt 0:00:01]} Re8 {[%emt 0:00:02]} 45. Nc7 {[%emt 0:00:02] Zeit} 1-0

[Event "Stay Safe Play From Home 263"]
[Site "Emanuel Lasker Arena"]
[Date "2020.06.29"]
[Round "5"]
[White "Fischer_11"]
[Black "Bardellosport"]
[Result "0-1"]
[WhiteElo "1924"]
[BlackElo "1986"]
[Annotator "NA"]
[PlyCount "110"]
[EventDate "2020.06.29"]
[EventType "swiss (blitz)"]

1. e4 {[%emt 0:00:03]} d6 {[%emt 0:00:00]} 2. d4 {[%emt 0:00:01]} g6 {[%emt 0:00:00]} 3. Nc3 {[%emt 0:00:01]} Bg7 {[%emt 0:00:00]} 4. Bg5 {[%emt 0:00:00]} Nc6 {[%emt 0:00:01]} 5. d5 {[%emt 0:00:01]} f6 {[%emt 0:00:00]} 6. dxc6 {[%emt 0:00:03]} fxg5 {[%emt 0:00:00]} 7. cxb7 {[%emt 0:00:03]} Bxb7 {[%emt 0:00:00]} 8. Qd2 {[%emt 0:00:01]} Nf6 {[%emt 0:00:01]} 9. f3 {[%emt 0:00:01]} O-O {[%emt 0:00:01]} 10. Qxg5 {[%emt 0:00:02]} e5 {[%emt 0:00:02]} 11. Bc4+ {[%emt 0:00:03]} Kh8 {[%emt 0:00:01]} 12. O-O-O {[%emt 0:00:03]} h6 {[%emt 0:00:01]} 13. Qxg6 {[%emt 0:00:02]} Qe8 {[%emt 0:00:03]} 14. Qxe8 {[%emt 0:00:02]} Raxe8 {[%emt 0:00:01]} 15. Nd5 {[%emt 0:00:01]} Nxd5 {[%emt 0:00:01]} 16. Bxd5 {[%emt 0:00:00]} Bc8 {[%emt 0:00:00]} 17. Ne2 {[%emt 0:00:03]} Bf6 {[%emt 0:00:00]} 18. Nc3 {[%emt 0:00:01]} Be7 {[%emt 0:00:01]} 19. Bc6 {[%emt 0:00:01]} Rd8 {[%emt 0:00:01]} 20. Nd5 {[%emt 0:00:00]} Bg5+ {[%emt 0:00:02]} 21. Kb1 {[%emt 0:00:02]} Ba6 {[%emt 0:00:02]} 22. Nxc7 {[%emt 0:00:02]} Rc8 {[%emt 0:00:01]} 23. Nxa6 {[%emt 0:00:02]} Rxc6 {[%emt 0:00:01]} 24. Nb4 {[%emt 0:00:00]} Rb6 {[%emt 0:00:01]} 25. a3 {[%emt 0:00:03]} Rfb8 {[%emt 0:00:01]} 26. b3 {[%emt 0:00:02]} a5 {[%emt 0:00:01]} 27. Nd5 {[%emt 0:00:02]} R6b7 {[%emt 0:00:01]} 28. Kb2 {[%emt 0:00:01]} Bd8 {[%emt 0:00:01]} 29. Ne3 {[%emt 0:00:02]} Bb6 {[%emt 0:00:01]} 30. Nf5 {[%emt 0:00:02]} Rh7 {[%emt 0:00:02]} 31. Rxd6 {[%emt 0:00:01]} Bd4+ {[%emt 0:00:02]} 32. Nxd4 {[%emt 0:00:02]} exd4 {[%emt 0:00:00]} 33. Rxd4 {[%emt 0:00:00]} Rg7 {[%emt 0:00:00]} 34. Rd5 {[%emt 0:00:00]} Rbg8 {[%emt 0:00:00]} 35. g3 {[%emt 0:00:01]} Kh7 {[%emt 0:00:00]} 36. Rxa5 {[%emt 0:00:01]} Rg6 {[%emt 0:00:01]} 37. Rd1 {[%emt 0:00:01]} R8g7 {[%emt 0:00:00]} 38. Rad5 {[%emt 0:00:01]} h5 {[%emt 0:00:00]} 39. Rd7 {[%emt 0:00:00]} Kh6 {[%emt 0:00:01]} 40. Rxg7 {[%emt 0:00:01]} Rxg7 {[%emt 0:00:00]} 41. g4 {[%emt 0:00:01]} Rc7 {[%emt 0:00:00]} 42. Rd6+ {[%emt 0:00:01]} Kg5 {[%emt 0:00:01]} 43. gxh5 {[%emt 0:00:00]} Kf4 {[%emt 0:00:01]} 44. Rd5 {[%emt 0:00:00]} Ke3 {[%emt 0:00:01]} 45. Rb5 {[%emt 0:00:00]} Rh7 {[%emt 0:00:00]} 46. Rb4 {[%emt 0:00:00]} Rxh5 {[%emt 0:00:01]} 47. Rc4 {[%emt 0:00:00]} Rxh2 {[%emt 0:00:00]} 48. a4 {[%emt 0:00:00]} Kf4 {[%emt 0:00:00]} 49. a5 {[%emt 0:00:00]} Ke5 {[%emt 0:00:00]} 50. a6 {[%emt 0:00:00]} Rh7 {[%emt 0:00:00]} 51. a7 {[%emt 0:00:00]} Rxa7 {[%emt 0:00:00]} 52. Rc3 {[%emt 0:00:00]} Rb7 {[%emt 0:00:00]} 53. f4+ {[%emt 0:00:00]} Kxf4 {[%emt 0:00:00]} 54. Rc4 {[%emt 0:00:00]} Ke5 {[%emt 0:00:00]} 55. c3 {[%emt 0:00:00]} Re7 {[%emt 0:00:00]} 0-1

[Event "Stay Safe Play From Home 263"]
[Site "Emanuel Lasker Arena"]
[Date "2020.06.29"]
[Round "5"]
[White "Bishop91"]
[Black "Praveen prasad"]
[Result "0-1"]
[WhiteElo "1759"]
[BlackElo "2225"]
[Annotator "NA"]
[PlyCount "148"]
[EventDate "2020.06.29"]
[EventType "swiss (blitz)"]

1. e4 {[%emt 0:00:01]} d5 {[%emt 0:00:00]} 2. exd5 {[%emt 0:00:01]} Qxd5 {[%emt 0:00:01]} 3. Nc3 {[%emt 0:00:00]} Qd8 {[%emt 0:00:01]} 4. d4 {[%emt 0:00:01]} Nf6 {[%emt 0:00:00]} 5. Nf3 {[%emt 0:00:00]} c6 {[%emt 0:00:00]} 6. Be2 {[%emt 0:00:02]} Bg4 {[%emt 0:00:01]} 7. O-O {[%emt 0:00:00]} e6 {[%emt 0:00:01]} 8. h3 {[%emt 0:00:00]} Bxf3 {[%emt 0:00:01]} 9. Bxf3 {[%emt 0:00:01]} Be7 {[%emt 0:00:00]} 10. Ne4 {[%emt 0:00:01]} O-O {[%emt 0:00:00]} 11. c3 {[%emt 0:00:01]} Nbd7 {[%emt 0:00:01]} 12. Bf4 {[%emt 0:00:01]} h6 {[%emt 0:00:01]} 13. Qc2 {[%emt 0:00:02]} Nxe4 {[%emt 0:00:01]} 14. Bxe4 {[%emt 0:00:01]} Bg5 {[%emt 0:00:01]} 15. Bxg5 {[%emt 0:00:02]} Qxg5 {[%emt 0:00:00]} 16. Bf3 {[%emt 0:00:00]} e5 {[%emt 0:00:02]} 17. Rfe1 {[%emt 0:00:00]} exd4 {[%emt 0:00:01]} 18. cxd4 {[%emt 0:00:00]} Nf6 {[%emt 0:00:01]} 19. Rad1 {[%emt 0:00:01]} Rfd8 {[%emt 0:00:01]} 20. Qc3 {[%emt 0:00:01]} Qf4 {[%emt 0:00:01]} 21. Re4 {[%emt 0:00:02]} Qf5 {[%emt 0:00:01]} 22. Re5 {[%emt 0:00:01]} Qd7 {[%emt 0:00:01]} 23. d5 {[%emt 0:00:04]} cxd5 {[%emt 0:00:03]} 24. Bxd5 {[%emt 0:00:01]} Kh8 {[%emt 0:00:02]} 25. Bf3 {[%emt 0:00:04]} Qc8 {[%emt 0:00:03]} 26. Rxd8+ {[%emt 0:00:01]} Qxd8 {[%emt 0:00:04]} 27. Bxb7 {[%emt 0:00:00]} Rb8 {[%emt 0:00:01]} 28. Bf3 {[%emt 0:00:01]} Qb6 {[%emt 0:00:03]} 29. Re2 {[%emt 0:00:01]} Kg8 {[%emt 0:00:02]} 30. b3 {[%emt 0:00:04]} a5 {[%emt 0:00:01]} 31. Qc4 {[%emt 0:00:01]} Qb4 {[%emt 0:00:01]} 32. Qxb4 {[%emt 0:00:01]} axb4 {[%emt 0:00:00]} 33. Re5 {[%emt 0:00:01]} Ne8 {[%emt 0:00:02]} 34. Re2 {[%emt 0:00:00]} Nd6 {[%emt 0:00:01]} 35. Bd5 {[%emt 0:00:01]} Kf8 {[%emt 0:00:02]} 36. Bc4 {[%emt 0:00:01]} Rc8 {[%emt 0:00:02]} 37. f3 {[%emt 0:00:01]} Nxc4 {[%emt 0:00:01]} 38. Rc2 {[%emt 0:00:01]} Nb6 {[%emt 0:00:02]} 39. Rxc8+ {[%emt 0:00:02]} Nxc8 {[%emt 0:00:00]} 40. Kf2 {[%emt 0:00:01]} Ke7 {[%emt 0:00:00]} 41. Ke3 {[%emt 0:00:00]} Kd6 {[%emt 0:00:01]} 42. Kd4 {[%emt 0:00:00]} Ne7 {[%emt 0:00:01]} 43. Kc4 {[%emt 0:00:00]} Nd5 {[%emt 0:00:01]} 44. g3 {[%emt 0:00:02]} Kc6 {[%emt 0:00:01]} 45. f4 {[%emt 0:00:02]} f5 {[%emt 0:00:01]} 46. g4 {[%emt 0:00:00]} fxg4 {[%emt 0:00:01]} 47. hxg4 {[%emt 0:00:00]} Ne3+ {[%emt 0:00:00]} 48. Kxb4 {[%emt 0:00:01]} Nxg4 {[%emt 0:00:00]} 49. a4 {[%emt 0:00:00]} h5 {[%emt 0:00:00]} 50. a5 {[%emt 0:00:00]} h4 {[%emt 0:00:00]} 51. a6 {[%emt 0:00:00]} h3 {[%emt 0:00:00]} 52. a7 {[%emt 0:00:02]} Kb7 {[%emt 0:00:00]} 53. a8=Q+ {[%emt 0:00:00]} Kxa8 {[%emt 0:00:01]} 54. Ka5 {[%emt 0:00:00]} h2 {[%emt 0:00:00]} 55. b4 {[%emt 0:00:00]} h1=Q {[%emt 0:00:00]} 56. b5 {[%emt 0:00:00]} Qb7 {[%emt 0:00:01]} 57. Kb4 {[%emt 0:00:01]} Nf6 {[%emt 0:00:00]} 58. Kc5 {[%emt 0:00:00]} Nd5 {[%emt 0:00:00]} 59. Kd4 {[%emt 0:00:01]} Qb6+ {[%emt 0:00:01]} 60. Kxd5 {[%emt 0:00:00]} Qxb5+ {[%emt 0:00:01]} 61. Kd4 {[%emt 0:00:01]} Qa6 {[%emt 0:00:00]} 62. Ke5 {[%emt 0:00:00]} Qf6+ {[%emt 0:00:00]} 63. Ke4 {[%emt 0:00:01]} Kb7 {[%emt 0:00:00]} 64. Kf3 {[%emt 0:00:00]} Kc7 {[%emt 0:00:00]} 65. Ke3 {[%emt 0:00:00]} Kd7 {[%emt 0:00:00]} 66. Kf3 {[%emt 0:00:00]} Ke7 {[%emt 0:00:00]} 67. Kg3 {[%emt 0:00:00]} Kf7 {[%emt 0:00:00]} 68. Kf3 {[%emt 0:00:00]} g5 {[%emt 0:00:00]} 69. Kf2 {[%emt 0:00:01]} Qxf4+ {[%emt 0:00:00]} 70. Ke2 {[%emt 0:00:00]} Qf5 {[%emt 0:00:00]} 71. Kd2 {[%emt 0:00:00]} Kf6 {[%emt 0:00:00]} 72. Kc3 {[%emt 0:00:00]} g4 {[%emt 0:00:00]} 73. Kc4 {[%emt 0:00:00]} Qf4+ {[%emt 0:00:00]} 74. Kc3 {[%emt 0:00:00]} Kf5 {[%emt 0:00:00] Time (Lag: Av=0.50s, max=0.8s)} 0-1

[Event "Stay Safe Play From Home 263"]
[Site "Emanuel Lasker Arena"]
[Date "2020.06.29"]
[Round "5"]
[White "Edmatuag"]
[Black "Lazieri3"]
[Result "0-1"]
[WhiteElo "1684"]
[BlackElo "2087"]
[Annotator "NA"]
[PlyCount "56"]
[EventDate "2020.06.29"]
[EventType "swiss (blitz)"]

1. e4 {[%emt 0:00:01]} c6 {[%emt 0:00:00]} 2. Nf3 {[%emt 0:00:01]} d5 {[%emt 0:00:00]} 3. e5 {[%emt 0:00:00]} Bf5 {[%emt 0:00:01]} 4. d4 {[%emt 0:00:00]} e6 {[%emt 0:00:01]} 5. Be2 {[%emt 0:00:01]} c5 {[%emt 0:00:01]} 6. Be3 {[%emt 0:00:03]} cxd4 {[%emt 0:00:01]} 7. Bxd4 {[%emt 0:00:02]} Nc6 {[%emt 0:00:01]} 8. c3 {[%emt 0:00:01]} Nxd4 {[%emt 0:00:01]} 9. cxd4 {[%emt 0:00:01]} a6 {[%emt 0:00:02]} 10. Nc3 {[%emt 0:00:02]} Ne7 {[%emt 0:00:02]} 11. O-O {[%emt 0:00:02]} Nc6 {[%emt 0:00:00]} 12. Qa4 {[%emt 0:00:04]} Be7 {[%emt 0:00:01]} 13. a3 {[%emt 0:00:01]} O-O {[%emt 0:00:01]} 14. b4 {[%emt 0:00:02]} Bg4 {[%emt 0:00:01]} 15. b5 {[%emt 0:00:03]} axb5 {[%emt 0:00:00]} 16. Qxb5 {[%emt 0:00:02]} Qa5 {[%emt 0:00:01]} 17. Qxa5 {[%emt 0:00:01]} Nxa5 {[%emt 0:00:02]} 18. Nb5 {[%emt 0:00:02]} Nb3 {[%emt 0:00:03]} 19. Ra2 {[%emt 0:00:04]} Ra5 {[%emt 0:00:04]} 20. a4 {[%emt 0:00:06]} Rfa8 {[%emt 0:00:03]} 21. Rb1 {[%emt 0:00:04]} Bxf3 {[%emt 0:00:08]} 22. Bxf3 {[%emt 0:00:03]} Rxa4 {[%emt 0:00:04]} 23. Rxa4 {[%emt 0:00:02]} Rxa4 {[%emt 0:00:00]} 24. h3 {[%emt 0:00:04]} Nxd4 {[%emt 0:00:04]} 25. Nxd4 {[%emt 0:00:02]} Rxd4 {[%emt 0:00:00]} 26. Rxb7 {[%emt 0:00:01]} g6 {[%emt 0:00:01]} 27. Rxe7 {[%emt 0:00:01]} Rd2 {[%emt 0:00:03]} 28. Rd7 {[%emt 0:00:02]} h5 {[%emt 0:00:00] Time (Lag: Av=0.99s, max=5.1s)} 0-1

[Event "Stay Safe Play From Home 263"]
[Site "Emanuel Lasker Arena"]
[Date "2020.06.29"]
[Round "5"]
[White "Trotsky"]
[Black "Klasman"]
[Result "1-0"]
[WhiteElo "1627"]
[BlackElo "1306"]
[Annotator "NA"]
[PlyCount "51"]
[EventDate "2020.06.29"]
[EventType "swiss (blitz)"]

1. d4 {[%emt 0:00:01]} f5 {[%emt 0:00:01]} 2. e3 {[%emt 0:00:00]} Nf6 {[%emt 0:00:01]} 3. c3 {[%emt 0:00:01]} e6 {[%emt 0:00:01]} 4. c4 {[%emt 0:00:00]} c5 {[%emt 0:00:01]} 5. Nc3 {[%emt 0:00:01]} d5 {[%emt 0:00:02]} 6. Nf3 {[%emt 0:00:01]} Nc6 {[%emt 0:00:01]} 7. a3 {[%emt 0:00:01]} Qb6 {[%emt 0:00:02]} 8. Qc2 {[%emt 0:00:02]} cxd4 {[%emt 0:00:03]} 9. exd4 {[%emt 0:00:01]} Nxd4 {[%emt 0:00:01]} 10. Nxd4 {[%emt 0:00:02]} Qxd4 {[%emt 0:00:01]} 11. Be3 {[%emt 0:00:01]} Qe5 {[%emt 0:00:04]} 12. Bd3 {[%emt 0:00:01]} d4 {[%emt 0:00:02]} 13. Qa4+ {[%emt 0:00:04]} Bd7 {[%emt 0:00:02]} 14. Nb5 {[%emt 0:00:07]} dxe3 {[%emt 0:00:07]} 15. O-O-O {[%emt 0:00:02]} Bxb5 {[%emt 0:00:10]} 16. Qxb5+ {[%emt 0:00:02]} Qxb5 {[%emt 0:00:02]} 17. cxb5 {[%emt 0:00:01]} Rc8+ {[%emt 0:00:01]} 18. Kb1 {[%emt 0:00:03]} Nd5 {[%emt 0:00:01]} 19. fxe3 {[%emt 0:00:01]} Bc5 {[%emt 0:00:05]} 20. e4 {[%emt 0:00:06]} Ne3 {[%emt 0:00:01]} 21. Rd2 {[%emt 0:00:02]} fxe4 {[%emt 0:00:04]} 22. Bc2 {[%emt 0:00:04]} Nc4 {[%emt 0:00:02]} 23. Re2 {[%emt 0:00:02]} e3 {[%emt 0:00:01]} 24. Rhe1 {[%emt 0:00:01]} O-O {[%emt 0:00:01]} 25. b3 {[%emt 0:00:01]} Nd2+ {[%emt 0:00:02]} 26. Ka2 {[%emt 0:00:02] Time (Lag: Av=0.36s, max=0.5s)} 1-0

[Event "Stay Safe Play From Home 263"]
[Site "Emanuel Lasker Arena"]
[Date "2020.06.29"]
[Round "6"]
[White "Uber_WING"]
[Black "Mepe_Nika"]
[Result "1/2-1/2"]
[WhiteElo "2483"]
[BlackElo "2414"]
[PlyCount "51"]
[EventDate "2020.06.29"]
[EventType "swiss (blitz)"]

1. e4 {[%emt 0:00:01]} e5 {[%emt 0:00:01]} 2. Nc3 {[%emt 0:00:00]} Nf6 {[%emt 0:00:02]} 3. g3 {[%emt 0:00:00]} c6 {[%emt 0:00:00]} 4. Bg2 {[%emt 0:00:00]} d5 {[%emt 0:00:01]} 5. d3 {[%emt 0:00:00]} dxe4 {[%emt 0:00:01]} 6. Nxe4 {[%emt 0:00:01]} Nxe4 {[%emt 0:00:01]} 7. dxe4 {[%emt 0:00:00]} Qxd1+ {[%emt 0:00:01]} 8. Kxd1 {[%emt 0:00:00]} Bg4+ {[%emt 0:00:01]} 9. f3 {[%emt 0:00:01]} Be6 {[%emt 0:00:01]} 10. c3 {[%emt 0:00:01]} Nd7 {[%emt 0:00:00]} 11. Kc2 {[%emt 0:00:01]} a5 {[%emt 0:00:01]} 12. Be3 {[%emt 0:00:01]} Bc5 {[%emt 0:00:01]} 13. Bxc5 {[%emt 0:00:01]} Nxc5 {[%emt 0:00:00]} 14. b3 {[%emt 0:00:02]} Ke7 {[%emt 0:00:01]} 15. Ne2 {[%emt 0:00:01]} Rhd8 {[%emt 0:00:01]} 16. Rhd1 {[%emt 0:00:00]} f6 {[%emt 0:00:00]} 17. Bf1 {[%emt 0:00:01]} b6 {[%emt 0:00:01]} 18. Nc1 {[%emt 0:00:02]} Rxd1 {[%emt 0:00:01]} 19. Kxd1 {[%emt 0:00:00]} Rd8+ {[%emt 0:00:01]} 20. Kc2 {[%emt 0:00:00]} g5 {[%emt 0:00:01]} 21. Nd3 {[%emt 0:00:01]} Nxd3 {[%emt 0:00:01]} 22. Bxd3 {[%emt 0:00:00]} c5 {[%emt 0:00:01]} 23. Rd1 {[%emt 0:00:01]} Rd6 {[%emt 0:00:01]} 24. Bb5 {[%emt 0:00:02]} h6 {[%emt 0:00:01]} 25. Rxd6 {[%emt 0:00:02]} Kxd6 {[%emt 0:00:00] Uber_WING offers a draw} 26. Kd3 {[%emt 0:00:01] (Lag: Av=0.82s, max=1.1s)} 1/2-1/2

[Event "Stay Safe Play From Home 263"]
[Site "Emanuel Lasker Arena"]
[Date "2020.06.29"]
[Round "6"]
[White "Broken sword"]
[Black "SoulofWolf"]
[Result "1-0"]
[WhiteElo "2427"]
[BlackElo "2164"]
[PlyCount "87"]
[EventDate "2020.06.29"]
[EventType "swiss (blitz)"]

1. d4 {[%emt 0:00:01]} e6 {[%emt 0:00:00]} 2. Nf3 {[%emt 0:00:00]} c5 {[%emt 0:00:00]} 3. Bg5 {[%emt 0:00:01]} Be7 {[%emt 0:00:01]} 4. Bxe7 {[%emt 0:00:01]} Nxe7 {[%emt 0:00:00]} 5. e3 {[%emt 0:00:00]} O-O {[%emt 0:00:00]} 6. c3 {[%emt 0:00:01]} b6 {[%emt 0:00:00]} 7. Nbd2 {[%emt 0:00:01]} Bb7 {[%emt 0:00:00]} 8. Bd3 {[%emt 0:00:00]} d5 {[%emt 0:00:00]} 9. Qc2 {[%emt 0:00:01]} Nd7 {[%emt 0:00:00]} 10. Bxh7+ {[%emt 0:00:01]} Kh8 {[%emt 0:00:00]} 11. Bd3 {[%emt 0:00:00]} f5 {[%emt 0:00:00]} 12. Qd1 {[%emt 0:00:01]} Qe8 {[%emt 0:00:01]} 13. Qe2 {[%emt 0:00:00]} Qh5 {[%emt 0:00:02]} 14. h3 {[%emt 0:00:01]} g5 {[%emt 0:00:01]} 15. Bc2 {[%emt 0:00:03]} Ng6 {[%emt 0:00:02]} 16. O-O-O {[%emt 0:00:01]} Kg7 {[%emt 0:00:02]} 17. Rde1 {[%emt 0:00:01]} a5 {[%emt 0:00:01]} 18. Kb1 {[%emt 0:00:01]} Ba6 {[%emt 0:00:00]} 19. Bd3 {[%emt 0:00:01]} c4 {[%emt 0:00:01]} 20. Bc2 {[%emt 0:00:01]} b5 {[%emt 0:00:00]} 21. g4 {[%emt 0:00:04]} Qh6 {[%emt 0:00:04]} 22. gxf5 {[%emt 0:00:01]} exf5 {[%emt 0:00:00]} 23. Rhg1 {[%emt 0:00:00]} b4 {[%emt 0:00:09]} 24. Rxg5 {[%emt 0:00:01]} Kf7 {[%emt 0:00:01]} 25. Reg1 {[%emt 0:00:01]} Ne7 {[%emt 0:00:00]} 26. h4 {[%emt 0:00:03]} Rab8 {[%emt 0:00:02]} 27. Ka1 {[%emt 0:00:01]} bxc3 {[%emt 0:00:03]} 28. bxc3 {[%emt 0:00:00]} Qb6 {[%emt 0:00:02]} 29. Rb1 {[%emt 0:00:02]} Qf6 {[%emt 0:00:02]} 30. Qd1 {[%emt 0:00:02]} Ng6 {[%emt 0:00:02]} 31. Rxf5 {[%emt 0:00:04]} Ke7 {[%emt 0:00:03]} 32. Rxf6 {[%emt 0:00:01]} Nxf6 {[%emt 0:00:01]} 33. Bxg6 {[%emt 0:00:01]} Rbd8 {[%emt 0:00:03]} 34. h5 {[%emt 0:00:01]} Rd6 {[%emt 0:00:02]} 35. Ne5 {[%emt 0:00:02]} Bc8 {[%emt 0:00:00]} 36. f4 {[%emt 0:00:01]} Rg8 {[%emt 0:00:03]} 37. Ndf3 {[%emt 0:00:01]} Ne4 {[%emt 0:00:01]} 38. Bxe4 {[%emt 0:00:01]} dxe4 {[%emt 0:00:00]} 39. Ng5 {[%emt 0:00:00]} Bf5 {[%emt 0:00:01]} 40. Qa4 {[%emt 0:00:01]} Bc8 {[%emt 0:00:03]} 41. Qxa5 {[%emt 0:00:01]} Kf6 {[%emt 0:00:02]} 42. Qc5 {[%emt 0:00:01]} Rgd8 {[%emt 0:00:01]} 43. Rb6 {[%emt 0:00:01]} Kf5 {[%emt 0:00:00]} 44. Rxd6 {[%emt 0:00:01] Czas partii (Lag: Av=0.24s, max=0.4s)} 1-0

[Event "Stay Safe Play From Home 263"]
[Site "Emanuel Lasker Arena"]
[Date "2020.06.29"]
[Round "6"]
[White "Jhhonnyy"]
[Black "Lamborghini"]
[Result "0-1"]
[WhiteElo "2400"]
[BlackElo "2279"]
[PlyCount "54"]
[EventDate "2020.06.29"]
[EventType "swiss (blitz)"]

1. d4 {[%emt 0:00:01]} Nf6 {[%emt 0:00:02]} 2. c4 {[%emt 0:00:00]} g6 {[%emt 0:00:01]} 3. g3 {[%emt 0:00:01]} Bg7 {[%emt 0:00:00]} 4. Bg2 {[%emt 0:00:00]} O-O {[%emt 0:00:00]} 5. Nc3 {[%emt 0:00:00]} c6 {[%emt 0:00:00]} 6. Nf3 {[%emt 0:00:00]} d6 {[%emt 0:00:00]} 7. O-O {[%emt 0:00:01]} Qa5 {[%emt 0:00:01]} 8. Ne1 {[%emt 0:00:02]} Be6 {[%emt 0:00:02]} 9. Qd3 {[%emt 0:00:04]} Qa6 {[%emt 0:00:01]} 10. b3 {[%emt 0:00:01]} d5 {[%emt 0:00:01]} 11. cxd5 {[%emt 0:00:04]} Nxd5 {[%emt 0:00:01]} 12. Nxd5 {[%emt 0:00:02]} Bxd5 {[%emt 0:00:03]} 13. Bb2 {[%emt 0:00:01]} Rd8 {[%emt 0:00:04]} 14. Rd1 {[%emt 0:00:01]} Bxg2 {[%emt 0:00:02]} 15. Kxg2 {[%emt 0:00:00]} Qxa2 {[%emt 0:00:01]} 16. Bc3 {[%emt 0:00:01]} Qxb3 {[%emt 0:00:01]} 17. Rb1 {[%emt 0:00:01]} Qd5+ {[%emt 0:00:01]} 18. e4 {[%emt 0:00:01]} Qd7 {[%emt 0:00:01]} 19. Nc2 {[%emt 0:00:00]} Na6 {[%emt 0:00:01]} 20. Rfd1 {[%emt 0:00:01]} Nc5 {[%emt 0:00:01]} 21. Qe2 {[%emt 0:00:01]} Ne6 {[%emt 0:00:01]} 22. d5 {[%emt 0:00:01]} Bxc3 {[%emt 0:00:02]} 23. dxe6 {[%emt 0:00:01]} Qxe6 {[%emt 0:00:00]} 24. Rxb7 {[%emt 0:00:02]} a5 {[%emt 0:00:02]} 25. Rxd8+ {[%emt 0:00:01]} Rxd8 {[%emt 0:00:01]} 26. f3 {[%emt 0:00:00]} a4 {[%emt 0:00:02]} 27. Ra7 {[%emt 0:00:02]} Rd2 {[%emt 0:00:01] Jhhonnyy gibt auf (Lag: Av=0.24s, max=0.5s)} 0-1

[Event "Stay Safe Play From Home 263"]
[Site "Emanuel Lasker Arena"]
[Date "2020.06.29"]
[Round "6"]
[White "BrainThinker22"]
[Black "Weltszmerc"]
[Result "1-0"]
[WhiteElo "2236"]
[BlackElo "2129"]
[Annotator "NA"]
[PlyCount "93"]
[EventDate "2020.06.29"]
[EventType "swiss (blitz)"]

1. e4 {[%emt 0:00:01]} f6 {[%emt 0:00:01]} 2. Nc3 {[%emt 0:00:01]} e6 {[%emt 0:00:01]} 3. g3 {[%emt 0:00:01]} d5 {[%emt 0:00:01]} 4. Bg2 {[%emt 0:00:00]} c6 {[%emt 0:00:01]} 5. d3 {[%emt 0:00:01]} Bb4 {[%emt 0:00:01]} 6. a3 {[%emt 0:00:02]} Ba5 {[%emt 0:00:01]} 7. Bd2 {[%emt 0:00:01]} Ne7 {[%emt 0:00:01]} 8. f4 {[%emt 0:00:01]} dxe4 {[%emt 0:00:01]} 9. Nxe4 {[%emt 0:00:01]} Bxd2+ {[%emt 0:00:02]} 10. Qxd2 {[%emt 0:00:00]} O-O {[%emt 0:00:01]} 11. Ne2 {[%emt 0:00:01]} Qb6 {[%emt 0:00:00]} 12. N2c3 {[%emt 0:00:02]} Nd5 {[%emt 0:00:01]} 13. Qf2 {[%emt 0:00:04]} Ne3 {[%emt 0:00:02]} 14. Kd2 {[%emt 0:00:03]} Nxg2 {[%emt 0:00:01]} 15. Qxg2 {[%emt 0:00:00]} Nd7 {[%emt 0:00:01]} 16. Qf2 {[%emt 0:00:01]} Qxf2+ {[%emt 0:00:02]} 17. Nxf2 {[%emt 0:00:00]} e5 {[%emt 0:00:00]} 18. fxe5 {[%emt 0:00:03]} Nxe5 {[%emt 0:00:00]} 19. Nfe4 {[%emt 0:00:02]} b6 {[%emt 0:00:02]} 20. Rhf1 {[%emt 0:00:02]} Bb7 {[%emt 0:00:01]} 21. Nd6 {[%emt 0:00:01]} Ba6 {[%emt 0:00:01]} 22. Nf5 {[%emt 0:00:01]} Rad8 {[%emt 0:00:03]} 23. Rae1 {[%emt 0:00:02]} c5 {[%emt 0:00:03]} 24. Kc1 {[%emt 0:00:01]} Bb7 {[%emt 0:00:01]} 25. Re3 {[%emt 0:00:03]} Rf7 {[%emt 0:00:02]} 26. h3 {[%emt 0:00:02]} Rfd7 {[%emt 0:00:01]} 27. Rfe1 {[%emt 0:00:01]} Kf7 {[%emt 0:00:02]} 28. g4 {[%emt 0:00:01]} a6 {[%emt 0:00:02]} 29. Ng3 {[%emt 0:00:01]} c4 {[%emt 0:00:02]} 30. dxc4 {[%emt 0:00:02]} Nxc4 {[%emt 0:00:00]} 31. R3e2 {[%emt 0:00:01]} Bf3 {[%emt 0:00:02]} 32. Rf2 {[%emt 0:00:01]} Bc6 {[%emt 0:00:02]} 33. Nf5 {[%emt 0:00:01]} b5 {[%emt 0:00:01]} 34. Kb1 {[%emt 0:00:01]} Nd2+ {[%emt 0:00:01]} 35. Ka1 {[%emt 0:00:01]} Nc4 {[%emt 0:00:00]} 36. Rfe2 {[%emt 0:00:01]} Ne5 {[%emt 0:00:04]} 37. Ng3 {[%emt 0:00:04]} a5 {[%emt 0:00:01]} 38. Nge4 {[%emt 0:00:01]} b4 {[%emt 0:00:01]} 39. Nc5 {[%emt 0:00:01]} Ra7 {[%emt 0:00:03]} 40. N3a4 {[%emt 0:00:01]} bxa3 {[%emt 0:00:01]} 41. bxa3 {[%emt 0:00:01]} Bxa4 {[%emt 0:00:01]} 42. Nxa4 {[%emt 0:00:00]} Rd4 {[%emt 0:00:01]} 43. Nb2 {[%emt 0:00:01]} Rc7 {[%emt 0:00:01]} 44. Rc1 {[%emt 0:00:01]} Rc3 {[%emt 0:00:01]} 45. Ka2 {[%emt 0:00:00]} Rxh3 {[%emt 0:00:03]} 46. Rce1 {[%emt 0:00:01]} Rd5 {[%emt 0:00:02]} 47. Re3 {[%emt 0:00:00] Czas partii (Lag: Av=0.71s, max=1.4s)} 1-0